Genesis / (Record no. 675)

MARC details
000 -LEADER
fixed length control field 00898pam a2200265 a 4500
001 - CONTROL NUMBER
control field 4926870
003 - CONTROL NUMBER IDENTIFIER
control field GBCCL
005 - DATE AND TIME OF LATEST TRANSACTION
control field 20260121111116.0
008 - FIXED-LENGTH DATA ELEMENTS--GENERAL INFORMATION
fixed length control field 950921m19962005tnu b 001 0 eng
020 ## - INTERNATIONAL STANDARD BOOK NUMBER
International Standard Book Number 9780805401011
020 ## - INTERNATIONAL STANDARD BOOK NUMBER
International Standard Book Number 9780805401417
040 ## - CATALOGING SOURCE
Original cataloging agency DLC
Transcribing agency DLC
Modifying agency DLC
082 00 - DEWEY DECIMAL CLASSIFICATION NUMBER
Classification number 220.77
Edition information 20
Item number NAC
100 1# - MAIN ENTRY--PERSONAL NAME
Personal name Mathews, K. A.
9 (RLIN) 730
245 10 - TITLE STATEMENT
Title Genesis /
Statement of responsibility, etc. Kenneth A. Mathews.
260 ## - PUBLICATION, DISTRIBUTION, ETC.
Place of publication, distribution, etc. Nashville, Tenn. :
Name of publisher, distributor, etc. Broadman & Holman Publishers,
Date of publication, distribution, etc. 1995-2005.
300 ## - PHYSICAL DESCRIPTION
Extent 2 v. ;
Dimensions 24 cm.
440 ## - SERIES STATEMENT/ADDED ENTRY--TITLE
Title The New American Commentary ;
Volume/sequential designation v. 1A-1B
9 (RLIN) 731
504 ## - BIBLIOGRAPHY, ETC. NOTE
Bibliography, etc. note Includes bibliographical references and indexes.
505 0# - FORMATTED CONTENTS NOTE
Formatted contents note 1. 1-11:26 -- 2. 11:27-50:26.
630 00 - SUBJECT ADDED ENTRY--UNIFORM TITLE
Uniform title Bible.
Name of part/section of a work Genesis
General subdivision Commentaries.
9 (RLIN) 732
906 ## - LOCAL DATA ELEMENT F, LDF (RLIN)
a 7
b cbc
c orignew
d 1
e ocip
f 19
g y-gencatlg
942 ## - ADDED ENTRY ELEMENTS (KOHA)
Source of classification or shelving scheme Dewey Decimal Classification
Koha item type Reference Books
Suppress in OPAC No
Holdings
Withdrawn status Lost status Source of classification or shelving scheme Damaged status Not for loan Home library Current Library Shelving location Date acquired Total checkouts Full call number Barcode Date last seen Copy number Price effective from Koha item type
    Dewey Decimal Classification     GRACE BIBLE COLLEGE GRACE BIBLE COLLEGE Commentary 2017-03-07   220.77 NAC 014127 2025-05-01 c.2 v.1A 2017-03-07 Reference Books
    Dewey Decimal Classification     GRACE BIBLE COLLEGE GRACE BIBLE COLLEGE Commentary 2017-03-07   220.77 NAC 014128 2025-05-01 c.1 v.1B 2017-03-07 Reference Books
    Dewey Decimal Classification     GRACE BIBLE COLLEGE GRACE BIBLE COLLEGE Commentary 2017-03-07   220.77 NAC 010015 2025-05-01 c.1 v.1A 2017-03-07 Reference Books
© Grace Bible College Library 2025